[Event "Catalunya-ch U20"]
[Site "Vila Seca"]
[Date "2011.04.21"]
[Round "2"]
[White "Bulto Gonzalvo, Ramon"]
[Black "Nieto Farreny, Francesc"]
[Result "1-0"]
[WhiteElo "1873"]
[BlackElo "2044"]
[PlyCount "87"]
[EventDate "2011.04.20"]
[EventType "swiss"]
[EventRounds "8"]
[EventCountry "ESP"]
[SourceTitle "EXT 2012"]
[Source "ChessBase"]
[SourceDate "2011.11.24"]
[SourceVersion "1"]
[SourceVersionDate "2011.11.24"]
[SourceQuality "1"]

1. e4 c5 2. Nf3 Nc6 3. Bb5 e6 4. 0-0 Nge7 5. b3 a6 6. Bxc6 Nxc6 7. Bb2 f6 8. Nh4 g6 9. f4 Qe7 10. f5 gxf5 11. exf5 e5 12. c4 Qf7 13. Nc3 Ne7 14. Ne4 Nc6 15. Qh5 Be7 16. Ng6 d6 17. Qh4 Rg8 18. Nxe7 Kxe7 19. Nc3 Qg7 20. Nd5+ Kf7 21. Qh5+ Kf8 22. Qh3 Bd7 23. Rf3 Qh8 24. Qh6+ Kf7 25. Raf1 Rg5 26. d3 Rag8 27. R1f2 Qg7 28. Rh3 Ne7 29. Qxg7+ R5xg7 30. Ne3 Bc6 31. Rh6 d5 32. h3 dxc4 33. dxc4 Rd8 34. Ba3 b6 35. Bb2 Rd3 36. Ng4 Ng8 37. Nxe5+ fxe5 38. Rxc6 Rd1+ 39. Kh2 Re1 40. f6 Rg5 41. Rc7+ Kf8 42. f7 Ne7 43. Rxe7 Rg6 44. Rc7 1-0

[Event "Catalunya-ch U20"]
[Site "Vila Seca"]
[Date "2011.04.21"]
[Round "3"]
[White "Colon Garcia, Enrique"]
[Black "Bulto Gonzalvo, Ramon"]
[Result "1-0"]
[WhiteElo "2288"]
[BlackElo "1873"]
[PlyCount "45"]
[EventDate "2011.04.20"]
[EventType "swiss"]
[EventRounds "8"]
[EventCountry "ESP"]
[SourceTitle "EXT 2012"]
[Source "ChessBase"]
[SourceDate "2011.11.24"]
[SourceVersion "1"]
[SourceVersionDate "2011.11.24"]
[SourceQuality "1"]

1. e4 c5 2. Nf3 e6 3. d4 cxd4 4. Nxd4 Nc6 5. Nc3 Qc7 6. Be2 a6 7. 0-0 Nf6 8. Be3 Bb4 9. Na4 Be7 10. Nxc6 bxc6 11. Nb6 Rb8 12. Nxc8 Qxc8 13. e5 Nd5 14. Bc1 Bc5 15. Qd3 Ne7 16. Kh1 a5 17. Qc4 Bb6 18. Qg4 0-0 19. Bd3 Bc7 20. Qh5 Ng6 21. f4 Qd8 22. Bd2 Qh4 23. Bxg6 1-0